Henry's relations - Statistics

General Stats
  • This quiz has been taken 6 times
  • The average score is 14 of 21
Answer Stats
Person Relation % Correct
Zelena Adoptive aunt
100%
Regina Adoptive mother/step great grandmother
100%
Emma Swan Biological mother
100%
Neal/Baelfire Father
100%
Prince Charming Grandfather
100%
Rumplestiltskin Grandfather
100%
Cora Adoptive grandmother
83%
Snow White Grandmother
83%
James Great uncle
67%
Neal Nolan Uncle
67%
Baby Robin Adoptive cousin
50%
Prince Henry Adoptive grandfather
50%
King George Adoptive great grandfather
50%
Robert Great Grandfather
50%
Peter Pan Great Grandfather
50%
King Leopold Great Grandfather
50%
The Black Fairy Great Grandmother
50%
Queen Eva Great Grandmother
50%
Belle Step grandmother
50%
Gideon Uncle
50%
Ruth Great Grandmother
33%
No matching quizzes found
Score Distribution
Percent of People with Each Score
Percentile by Number Answered
Your Score History
You have not taken this quiz